Του λιναριού τα πάθη; ; Ο μέγας μυρμηκοφάγος : μικρά πεζά

Saved in:
Bibliographic Details
Main Author: Παπαγεωργίου, Νίκη Ρεβέκκα
Format: Book
Language:Greek
Published: Αθήνα : Άγρα, [1993]
Subjects:
Tags: Add Tag
No Tags, Be the first to tag this record!

MARC

LEADER 00000cam a2200000 i 4500
001 1/100767
008 090206s1993 gre d
020 |a 960-325-071-6 
035 |l 10102987 
040 |a GR-MY-UA  |b gre  |e aacr 
041 0 |a gre 
082 0 |a 889.3  |2 (22) 
100 1 |a Παπαγεωργίου, Νίκη Ρεβέκκα. 
245 1 4 |a Του λιναριού τα πάθη; ; Ο μέγας μυρμηκοφάγος :  |b μικρά πεζά /  |c Νίκη-Ρεβέκκα Παπαγεωργίου 
260 |a Αθήνα :   |b Άγρα,   |c [1993] 
300 |a 118 σ.;  |c 18 εκ. 
650 0 0 |a Greek literature. 
852 |a INST  |b SYROS  |e 20090206  |h 889.3 ΠΑΠ  |p 005500008693  |q 005500008693  |t BK  |y 0 
901 |a BIBL5-2009-1 
909 |a Ε  |b 154523 
970 |a ΚΟΝΤΟΥ  |b ΠΑΡΑΣΚΕΥΗ  |z 2009/02/06